000 00529nam a2200169Ia 4500
003 OSt
005 20200813135647.0
008 190216s9999||||xx |||||||||||||| ||und||
040 _coclc
082 _a543.0858
_bSIN/M
100 _aSingh, P R
_94111
245 0 _aMolecular Spectroscopy :
_bPrinciples and Chemical Applications /
_cP R Singh ; S K Dikshit
260 _bS Chand & Company,
_c1981.
_aNew Delhi:
300 _a125p
650 _aChemistry
942 _cBK
_2ddc
_h543.0858
_iSIN/M
_k543.0858
_mSIN/M
999 _c2374
_d2374